Biện pháp quản lý công tác đổi mới phương pháp dạy học ở trường THCS huyện Kon Rẫy tỉnh Kon Tum
Cơ sở lý luận về quản lý đổi mới phương pháp dạy học ở trường THCS. Thực trạng công tác quản lý đổi mới phương pháp dạy học ở các trường THCS huyện Kon Rẫy tỉnh Kon Tum. Biện pháp quản lý công tác đổi mới phương pháp dạy học ở trường THCS huyện Kon Rẫy tỉnh Kon Tum....
Gorde:
| Egile nagusia: | |
|---|---|
| Beste egile batzuk: | |
| Formatua: | Liburua |
| Hizkuntza: | Vietnamese |
| Argitaratua: |
Đà Nẵng
Đại học Đà Nẵng
2014
|
| Gaiak: | |
| Etiketak: |
Etiketa erantsi
Etiketarik gabe, Izan zaitez lehena erregistro honi etiketa jartzen!
|
| Thư viện lưu trữ: | Mạng thư viện Đại học Đà Nẵng |
|---|
| LEADER | 01933nam a2200361 4500 | ||
|---|---|---|---|
| 001 | 000020060 | ||
| 003 | 16501 | ||
| 005 | 20150312160308.0 | ||
| 008 | 150105s2014 viesd | ||
| 041 | |a vie | ||
| 082 | 1 | 4 | |a 373.19 |b HO-H |
| 100 | 1 | |a Hoàng Đình Hải | |
| 245 | 1 | |a Biện pháp quản lý công tác đổi mới phương pháp dạy học ở trường THCS huyện Kon Rẫy tỉnh Kon Tum |c Hoàng Đình Hải ; Huỳnh Thị Tam Thanh hướng dẫn. |k Luận văn Thạc sĩ | |
| 260 | |a Đà Nẵng |b Đại học Đà Nẵng |c 2014 | ||
| 300 | |a 122 tr., phụ lục 11 tr. |c 29 cm. |e Tóm tắt | ||
| 500 | |a Luận văn thạc sĩ Khoa học. Chuyên ngành: Quản lý giáo dục. Mã số: 60.14.05 | ||
| 520 | 3 | |a Cơ sở lý luận về quản lý đổi mới phương pháp dạy học ở trường THCS. Thực trạng công tác quản lý đổi mới phương pháp dạy học ở các trường THCS huyện Kon Rẫy tỉnh Kon Tum. Biện pháp quản lý công tác đổi mới phương pháp dạy học ở trường THCS huyện Kon Rẫy tỉnh Kon Tum. | |
| 650 | 0 | 4 | |a Quản lý giáo dục trung học |v Luận văn tốt nghiệp |x Phương pháp dạy học |x Công tác đổi mới |z KonTum |
| 653 | |a Công tác đổi mới | ||
| 653 | |a Giáo dục trung học | ||
| 653 | |a Quản lý giáo dục | ||
| 653 | |a Phương pháp dạy học | ||
| 700 | 1 | |a Huỳnh Thị Tam Thanh |c T.S |e Hướng dẫn | |
| OWN | |a LSP | ||
| AVA | |a UDN50 |b LSP |d 373.19 HO-H |e available |t Error 5001 Not defined in file expand_doc_bib_avail. |f 1 |g 0 |h N |i 0 |k 1 | ||
| 999 | |a From the UDN01 | ||
| AVA | |a UDN50 |b LSP |d 373.19 HO-H |e available |t Error 5001 Not defined in file expand_doc_bib_avail. |f 1 |g 0 |h N |i 0 |k 1 | ||
| TYP | |a Monograph | ||
| TYP | |a Printed language | ||
| 980 | |a Mạng thư viện Đại học Đà Nẵng | ||